00580nam a22001697a 450000500170000001000150001702000260003203500140005803700130007208200130008524501310009826000440022927000680027330000310034150000190037270000190039120170811161711.0 aENG-119640 a9789386288493c800.00 aEN-103172 bDBAD/PUB a577.7895 aWhither Indian ocean maritime order ? :cedited by Yogendra kumarbcontributions to a seminar on Narendra Modi's SAGAR speech/ aNew DelhibKW Publishers Pvt. Ltdc2017 a4676/21, First Floor, Ansari Road, DaryaganjbNew Delhie110002 axii,280p.:c23cm(Hb)bill. aIncludes index aYogendra kumar